[Event "Opera Euro Rapid Prelims 2021"]
[Site "Online"]
[Date "2021.02.03"]
[Round "15.8"]
[White "Carlsen, Magnus"]
[Black "Vachier-Lagrave, Maxime"]
[Result "1/2-1/2"]
[WhiteElo "2862"]
[BlackElo "2784"]
[Annotator "TA"]
[PlyCount "64"]
[EventDate "2021.02.02"]
[EventType "tourn"]
[EventCountry "NET"]
[SourceTitle "playchess.com"]
[Source "ChessBase"]
[SourceQuality "1"]

{[%evp 19,64,0,14,0,0,0,0,-8,0,-15,0,-37,-22,-22,-22,-22,-22,-19,-22,-54,-46,-50,-50,-50,-54,-45,-58,-65,-32,-69,-43,-69,-30,-38,-29,-29,-29,-29,-29,-29,-29,-29,0,-29,0,-29,0]} 1. d4 Nf6 2. c4 g6 3. g3 c6 4. Bg2 d5 5. cxd5 cxd5 6. Nf3 Bg7 7. Ne5 Ne4 8. Nd2 Nd7 9. Nxe4 dxe4 10. O-O O-O 11. Nxd7 {D79: Fianchetto Grünfeld: Symmetrical Variation (6 0-0 c6 7 cxd5 cxd5).} Bxd7 12. Bxe4 Bh3 13. Re1 {The position is equal.} Bxd4 {[#]} 14. Qb3 $146 ({Not} 14. Bxb7 $2 Qb6 $19) ({Predecessor:} 14. Bh6 Re8 15. Rb1 Qb6 16. e3 Bg7 17. Bxg7 Kxg7 18. Qf3 Rab8 19. Rbc1 Red8 20. Bd5 {0-1 (44) Jones,B (2228)-Adam,C (2310) ICCF email 2006}) 14... Be6 15. Qf3 Qb6 16. Be3 Bxe3 ({Wrong is} 16... Qxb2 $2 17. Rab1 $18) 17. Qxe3 Qxe3 18. fxe3 Rac8 19. Rac1 b6 20. a3 Rxc1 21. Rxc1 Rc8 22. Rxc8+ Bxc8 $15 {[%mdl 4096] Endgame KB-KB} 23. Kf2 Bd7 24. Bd5 e6 25. Bc4 Kf8 26. e4 e5 27. Ke3 f6 28. b4 g5 29. Bd3 Be8 30. Bc4 Bd7 31. Bd3 Be8 32. Bc4 Bd7 {Weighted Error Value: White=0.09/Black=0.09} 1/2-1/2